Control Software for Mechanical Systems (Record no. 595390)
[ view plain ]
| 000 -LEADER | |
|---|---|
| fixed length control field | 00430nam a22001457a 4500 |
| 020 ## - INTERNATIONAL STANDARD BOOK NUMBER | |
| International Standard Book Number | 9788129701718 |
| 040 ## - CATALOGING SOURCE | |
| Transcribing agency | NUST |
| 082 ## - DEWEY DECIMAL CLASSIFICATION NUMBER | |
| Classification number | 005.373 AUS |
| 100 ## - MAIN ENTRY--PERSONAL NAME | |
| Personal name | Auslander, D.M |
| 9 (RLIN) | 113978 |
| 110 ## - MAIN ENTRY--CORPORATE NAME | |
| Corporate name or jurisdiction name as entry element | Ridgelyt, J.E Ringgenberg. J.D |
| 9 (RLIN) | 113979 |
| 245 ## - TITLE STATEMENT | |
| Title | Control Software for Mechanical Systems |
| Remainder of title | Object-Oriented Design in A Real - Time World |
| 260 ## - PUBLICATION, DISTRIBUTION, ETC. | |
| Place of publication, distribution, etc. | India: |
| Name of publisher, distributor, etc. | Pearson, |
| Date of publication, distribution, etc. | 2002. |
| 650 ## - SUBJECT ADDED ENTRY--TOPICAL TERM | |
| Source of heading or term | Control Software |
| 942 ## - ADDED ENTRY ELEMENTS (KOHA) | |
| Source of classification or shelving scheme | |
| Koha item type | Book |
| Withdrawn status | Lost status | Source of classification or shelving scheme | Damaged status | Not for loan | Permanent Location | Current Location | Shelving location | Date acquired | Total Checkouts | Full call number | Barcode | Date last seen | Price effective from | Koha item type |
|---|---|---|---|---|---|---|---|---|---|---|---|---|---|---|
| College of Electrical & Mechanical Engineering (CEME) | College of Electrical & Mechanical Engineering (CEME) | Text Books | 08/04/2023 | 005.373 AUS | CEME-42049 | 08/04/2023 | 08/04/2023 | Book |
